Handbook on boring & deepening of wells. (Record no. 56734)

MARC details
000 -LEADER
fixed length control field 00658cam a22002411 4500
001 - CONTROL NUMBER
control field sa 64001414
003 - CONTROL NUMBER IDENTIFIER
control field DLC
005 - DATE AND TIME OF LATEST TRANSACTION
control field 20260227112002.0
008 - FIXED-LENGTH DATA ELEMENTS--GENERAL INFORMATION
fixed length control field 811124s1962 ii a b 000 0 eng
010 ## - LIBRARY OF CONGRESS CONTROL NUMBER
LC control number sa 64001414
025 ## - OVERSEAS ACQUISITION NUMBER
Overseas acquisition number PL480:I-E-2105
035 ## - SYSTEM CONTROL NUMBER
System control number (OCoLC)7953804
040 ## - CATALOGING SOURCE
Original cataloging agency DLC
Transcribing agency MnSU
Modifying agency DLC
043 ## - GEOGRAPHIC AREA CODE
Geographic area code a-ii---
050 00 - LIBRARY OF CONGRESS CALL NUMBER
Classification number TD412
Item number .I63
110 1# - MAIN ENTRY--CORPORATE NAME
Corporate name or jurisdiction name as entry element India (Republic).
Subordinate unit Department of Agriculture.
245 10 - TITLE STATEMENT
Title Handbook on boring & deepening of wells.
260 ## - PUBLICATION, DISTRIBUTION, ETC.
Place of publication, distribution, etc. [New Delhi,
Date of publication, distribution, etc. 1962]
300 ## - PHYSICAL DESCRIPTION
Extent 115, [1] p.
Other physical details illus., diagrs.
Dimensions 24 cm.
504 ## - BIBLIOGRAPHY, ETC. NOTE
Bibliography, etc. note Bibliography: p. [116]
650 #0 - SUBJECT ADDED ENTRY--TOPICAL TERM
Topical term or geographic name entry element Wells.
650 #0 - SUBJECT ADDED ENTRY--TOPICAL TERM
Topical term or geographic name entry element Water well drilling.

No items available.

Powered by Koha